Dr. Johannes Bugenhagens Briefwechsel / [2] Nachträge zu Dr. Johannes Bugenhagen's Briefwechsel / Otto Vogt

Saved in:  
Bibliographic Details
Subtitles:Briefwechsel
Main Author: Vogt, Otto 1839-1917 (Author)
Corporate Author: Gesellschaft für Pommersche Geschichte und Altertumskunde (Other)
Contributors: Bugenhagen, Johannes 1485-1558 (Other)
Format: Print Book
Language:German
Latin
Dutch
Subito Delivery Service: Order now.
Check availability: HBZ Gateway
WorldCat: WorldCat
Interlibrary Loan:Interlibrary Loan for the Fachinformationsdienste (Specialized Information Services in Germany)
Published: Stettin Saunier 1890
In: Dr. Johannes Bugenhagens Briefwechsel
Year: 1890
Sammlungen:

MARC

LEADER 00000cam a22000002cc4500
001 240251237
003 DE-627
005 20240904085753.0
007 tu
008 980217s1890 xx ||||| 00| ||ger c
035 |a (DE-627)240251237 
035 |a (DE-576)9240251235 
035 |a (DE-599)GBV240251237 
035 |a (OCoLC)246448451 
040 |a DE-627  |b ger  |c DE-627  |e rakwb 
041 |a ger  |a lat  |a dut 
044 |c XA-DXDE 
084 |a 1  |2 ssgn 
084 |a BO 5230  |2 rvk  |0 (DE-625)rvk/14533: 
100 1 |0 (DE-588)1055273468  |0 (DE-627)793362687  |0 (DE-576)411716174  |4 aut  |a Vogt, Otto  |d 1839-1917 
109 |a Vogt, Otto 1839-1917  |a Vogt, Otto Georg Nathanael 1839-1917  |a Vogt, O. 1839-1917  |a Vogt, Otto Georg Nath. 1839-1917 
245 1 0 |a Dr. Johannes Bugenhagens Briefwechsel  |n [2]  |p Nachträge zu Dr. Johannes Bugenhagen's Briefwechsel / Otto Vogt  |c im Auftr. d. Gesellschaft für Pommersche Geschichte und Alterthumskunde gesammelt u. hrsg. durch Otto Vogt 
246 3 0 |a Bugenhagens Doktor 
246 3 3 |a Briefwechsel 
264 1 |a Stettin  |b Saunier  |c 1890 
300 |a 18 S 
336 |a Text  |b txt  |2 rdacontent 
337 |a ohne Hilfsmittel zu benutzen  |b n  |2 rdamedia 
338 |a Band  |b nc  |2 rdacarrier 
546 |a Briefe teilw. dt., teilw. lat., teilw. niederl. 
601 |a Briefwechsel 
601 |a Nachtrag 
700 1 |0 (DE-588)118517287  |0 (DE-627)035272457  |0 (DE-576)208878653  |4 oth  |a Bugenhagen, Johannes  |d 1485-1558 
710 2 |0 (DE-588)37321-7  |0 (DE-627)100853552  |0 (DE-576)19035190X  |4 oth  |a Gesellschaft für Pommersche Geschichte und Altertumskunde 
773 0 8 |i Sonderdruck aus  |t Baltische Studien ; 40.1890 
773 1 8 |a Dr. Johannes Bugenhagens Briefwechsel  |w (DE-627)250000016  |w (DE-576)9250000014  |g [2]  |q 2.1890  |7 nnam 
935 |a RFBW  |a mteo 
936 r v |a BO 5230  |b Andere Reformatoren  |k Theologie und Religionswissenschaften  |k Patrologie und Kirchengeschichte  |k Kirchengeschichte nach Perioden  |k Reformation und Gegenreformation (1517-1648)  |k Quellen  |k Reformation  |k Andere Reformatoren  |0 (DE-627)1270747916  |0 (DE-625)rvk/14533:  |0 (DE-576)200747916 
951 |a MV 
ELC |b 1 
LOK |0 000 xxxxxcx a22 zn 4500 
LOK |0 001 4491297762 
LOK |0 003 DE-627 
LOK |0 004 240251237 
LOK |0 005 20240904083622 
LOK |0 008 240226||||||||||||||||ger||||||| 
LOK |0 040   |a DE-Tue135  |c DE-627  |d DE-Tue135 
LOK |0 092   |o n 
LOK |0 852   |a DE-Tue135 
LOK |0 852 1  |9 00 
LOK |0 866   |x SPQUE#Reformationsgeschichtliche Forschungsbibliothek Wittenberg#SPSAM#Predigerseminar#SPUSM#Bestand(1952-2017) 
LOK |0 935   |a RFBW  |a bips  |a psnb 
LOK |0 939   |a 26-02-24  |b l01 
ORI |a SA-MARC-ixtheoa001.raw